The present state of Hudson's Bay : containing a full description of that settlement, and the adjacent country; and likewise of the fur trade, with hints for its improvement, &c. &c. : to which are added, remarks and observations made in the inland parts, during a residence of near four years; a specimen of five Indian languages; and a journal of a journey from Montreal to New-York /

Bibliographic Details
Main Author: Umfreville, Edward, -1786
Format: Book
Language:English
Published: London : C. Stalker, 1790.
Subjects:

MARC

Tag First Indicator Second Indicator Subfields
LEADER 00000cam a2200000 i 4500
001 in00000029605
005 20151007062846.0
008 780830r19771790kyuaf b 00010 eng d
035 |a (OCoLC)04179977 
035 |9 AAD5958AM 
040 |a DLC  |c RRR  |d RRR  |d TXA  |d UtOrBLW 
043 |a n------  |a n-cn--- 
049 |a TXAI 
099 |a fiche  |a C  |a 2116 
100 1 |a Umfreville, Edward,  |d -1786. 
245 1 4 |a The present state of Hudson's Bay :  |b containing a full description of that settlement, and the adjacent country; and likewise of the fur trade, with hints for its improvement, &c. &c. : to which are added, remarks and observations made in the inland parts, during a residence of near four years; a specimen of five Indian languages; and a journal of a journey from Montreal to New-York /  |c by Edward Umfreville. 
264 1 |a London :  |b C. Stalker,  |c 1790. 
300 |a vii, 230 pages, 2 unnumbered leaves of plates :  |b illustrations, 2 folded ;  |c 21 cm. 
336 |a text  |b txt  |2 rdacontent 
337 |a microform  |b h  |2 rdamedia 
338 |a microfiche  |b he  |2 rdacarrier 
500 |a Nos. 129-132 omitted in pagination: text continuous. 
500 |a Microfiche. Louisville, Ky. : Lost Cause Press, 1977. -- 4 sheets ; 10.5 x 14.8 cm. -- (Sabin, Joseph, 1821-1881. [Bibliotheca Americana] Selected Americana. [Microfiche edition]) -- (Fiche book). 
500 |a "Sabin: 97702." 
500 |a "Copied from the original in the Library of Congress." 
500 |a Microform. 
610 2 0 |a Hudson's Bay Company. 
650 0 |a Fur trade  |z Canada. 
650 0 |a Indians of North America  |z Canada. 
651 0 |a Northwest, Canadian  |x Description and travel. 
999 |a MARS 
999 f f |s 0747dae0-1415-3281-90f4-b8436577f4fd  |i 5cc3132c-4008-3f96-8132-6c9ace16a1fa  |t 0 
952 f f |p normal  |a Texas A&M University  |b College Station  |c Sterling C. Evans Library  |d Evans: Microforms (3rd floor)  |t 0  |e fiche C 2116  |h Other scheme  |i microform -- microfiche  |m A14820792797 
998 f f |a fiche C 2116  |t 0  |l Evans: Microforms (3rd floor)